| 000 | 00943nmm a2200337 a 4500 | ||
|---|---|---|---|
| 003 | AR-X00000XY | ||
| 005 | 20251128212009.0 | ||
| 008 | 077020s1970 ||||||||||||||000 | spa|| | ||
| 040 | _cAR-X00000XY | ||
| 700 | 1 | _aArrabal, Fernando | |
| 700 | 1 | _aMasson, André | |
| 700 | 1 | _aStarobinski, Jean | |
| 700 | 1 | _aCaillois, Roger | |
| 700 | 1 | _aPieyre de Mandiargues, André | |
| 700 | 1 | _aQueneau, Raymond | |
| 700 | 1 | _aRichard, Claude | |
| 700 | 1 | _aBelaval, Yvon | |
| 700 | 1 | _aPaulhan, Jean | |
| 700 | 1 | _aGracq, Julien | |
| 700 | 1 | _aLefebvbre, Henri | |
| 700 | 0 | _aEtiemble | |
| 100 | 1 | _aTarn, Nathaniel | |
| 245 | 1 | 0 |
_aLa revolución surrealista _ba través de André Breton |
| 260 |
_aCaracas _bMonte Avila Editores _c1970 |
||
| 300 | 0 | _a133 p. | |
| 500 | 0 | _aCon anotaciones manuscritas de Alejandra Pizarnik | |
| 655 | _aLITERATURA | ||
| 700 | 1 |
_aBengolea, María Raquel _etraductor |
|
| 942 | _cBK | ||
| 998 | _cmartin | ||
| 999 |
_c21988 _d21988 |
||